Investicionnyj kompleks i uskorenije naučno-techničeskogo progressa Metodologija regional'nogo analiza

Guardado en:
Detalles Bibliográficos
Autor principal: Jefimov, Boris Ivanovič
Formato: Libro
Lenguaje:ruso
Publicado: Moskva Nauka 1989
Edición:1. izd.
Etiquetas: Agregar Etiqueta
Sin Etiquetas, Sea el primero en etiquetar este registro!

MARC

LEADER 00000nam a2200000 4500
001 c036213
005 20230221125054.6
041 0 |a rus 
044 |a RU 
245 1 0 |a Investicionnyj kompleks i uskorenije naučno-techničeskogo progressa  |b Metodologija regional'nogo analiza  |c Boris Ivanovič Jefimov 
250 |a 1. izd. 
264 1 |a Moskva  |b Nauka  |c 1989 
300 |a 115 s. 
100 1 |a Jefimov, Boris Ivanovič